Statistics for The Lost World: Jurassic Park Characters

Click here to take the quiz!

General Stats

  • This quiz has been taken 107 times
  • The average score is 10 of 15

Answer Stats

Actor/ActressCharacter DescriptionCharacter% Correct
Jeff GoldblumA mathematician, chaos theorist, and a survivor of the events on "Isla Nublar"Dr. Ian Malcolm
96%
Julianne MooreA behavioral paleontologist and the girlfriend of the aboveDr. Sarah Harding
81%
Joseph MazzelloThe brother of the above and a survivor of the events on Isla NublarTim Murphy
78%
Richard AttenboroughInGen's former CEO and the park's original visionaryJohn Hammond
77%
Vince VaughnA well-traveled and experienced documentarian and environmentalistNick Van Owen
77%
Ariana RichardsHammond's granddaughter and a survivor of the events on Isla NublarLex Murphy
75%
Pete PostlethwaiteA big-game hunter from Africa and the leader of his teamRoland Tembo
73%
Richard SchiffA timid and sardonic field equipment expertEddie Carr
69%
Peter StormareThe InGen team's second in command, under Roland TemboDieter Stark
64%
Arliss HowardInGen's current CEO and Hammond's conniving nephewPeter Ludlow
58%
Vanessa Lee ChesterIan's teenage daughter from a failed marriageKelly Malcolm
57%
Thomas Rosales Jr.Dieter's only friendCarter
52%
Harvey JasonRoland's immensely loyal and long time best friend and hunting partner from IndiaAjay Sidhu
51%
Thomas F. DuffyThe InGen team's dinosaur expertDr. Robert Burke
38%
Geno SilvaThe Mar Del Plata's captain who took Ian and his team to Isla SornaCarlos
18%

Score Distribution

Percentile by Number Answered

Percent of People with Each Score

Your Score History

You have not taken this quiz